Software Open Access
Eichelbaum, Sophia Sebastian;
Kulenkampff, Johannes
<?xml version='1.0' encoding='UTF-8'?>
<record xmlns="http://www.loc.gov/MARC21/slim">
<leader>00000nmm##2200000uu#4500</leader>
<datafield tag="024" ind1=" " ind2=" ">
<subfield code="a">10.14278/rodare.4613</subfield>
<subfield code="2">doi</subfield>
</datafield>
<datafield tag="773" ind1=" " ind2=" ">
<subfield code="a">https://www.hzdr.de/publications/Publ-43258</subfield>
<subfield code="i">isIdenticalTo</subfield>
<subfield code="n">url</subfield>
</datafield>
<datafield tag="773" ind1=" " ind2=" ">
<subfield code="a">10.14278/rodare.4612</subfield>
<subfield code="i">isVersionOf</subfield>
<subfield code="n">doi</subfield>
</datafield>
<datafield tag="540" ind1=" " ind2=" ">
<subfield code="u">https://opensource.org/licenses/LGPL-3.0</subfield>
<subfield code="a">GNU Lesser General Public License v3.0 only</subfield>
</datafield>
<controlfield tag="001">4613</controlfield>
<datafield tag="650" ind1="1" ind2="7">
<subfield code="a">cc-by</subfield>
<subfield code="2">opendefinition.org</subfield>
</datafield>
<datafield tag="520" ind1=" " ind2=" ">
<subfield code="a"><p>Reconstruction of the spatial 3D-vector-field of flow and the 3D-scalar-field of effective volume of flow from a 4D-spatiotemporal concentration field, in particular from time series of PET-frames (positron emission tomography) on laboratory samples of geomaterial (rock and soil).</p>
<p>Content: zip-file of the GitLab-Project hosted at https://codebase.helmholtz.cloud/geopet/geopet_flow</p></subfield>
</datafield>
<datafield tag="245" ind1=" " ind2=" ">
<subfield code="a">GeoPET_Flow</subfield>
</datafield>
<datafield tag="856" ind1="4" ind2=" ">
<subfield code="s">46303033</subfield>
<subfield code="u">https://rodare.hzdr.de/record/4613/files/geopet_flow-main_1.1.0.zip</subfield>
<subfield code="z">md5:f5ad2a69855ce68d8695b4d0b1224a02</subfield>
</datafield>
<datafield tag="856" ind1="4" ind2=" ">
<subfield code="s">735412</subfield>
<subfield code="u">https://rodare.hzdr.de/record/4613/files/GeoPET_Flow_ReadMe.pdf</subfield>
<subfield code="z">md5:038dd216bca9352c5e4addda37de21fc</subfield>
</datafield>
<datafield tag="980" ind1=" " ind2=" ">
<subfield code="a">user-fwo</subfield>
</datafield>
<datafield tag="980" ind1=" " ind2=" ">
<subfield code="a">user-rodare</subfield>
</datafield>
<datafield tag="542" ind1=" " ind2=" ">
<subfield code="l">open</subfield>
</datafield>
<datafield tag="909" ind1="C" ind2="O">
<subfield code="o">oai:rodare.hzdr.de:4613</subfield>
<subfield code="p">software</subfield>
<subfield code="p">user-fwo</subfield>
<subfield code="p">user-rodare</subfield>
</datafield>
<datafield tag="700" ind1=" " ind2=" ">
<subfield code="a">Kulenkampff, Johannes</subfield>
<subfield code="u">HZDR</subfield>
<subfield code="0">(orcid)0000-0001-6566-5829</subfield>
</datafield>
<datafield tag="700" ind1=" " ind2=" ">
<subfield code="a">Lippmann-Pipke, Johanna</subfield>
<subfield code="u">BGR</subfield>
<subfield code="4">pdr</subfield>
</datafield>
<controlfield tag="005">20260422101041.0</controlfield>
<datafield tag="980" ind1=" " ind2=" ">
<subfield code="a">software</subfield>
</datafield>
<datafield tag="653" ind1=" " ind2=" ">
<subfield code="a">Flow processes</subfield>
</datafield>
<datafield tag="653" ind1=" " ind2=" ">
<subfield code="a">Motion tracking</subfield>
</datafield>
<datafield tag="653" ind1=" " ind2=" ">
<subfield code="a">Porous Media</subfield>
</datafield>
<datafield tag="653" ind1=" " ind2=" ">
<subfield code="a">Process tomography</subfield>
</datafield>
<datafield tag="653" ind1=" " ind2=" ">
<subfield code="a">c++</subfield>
</datafield>
<datafield tag="260" ind1=" " ind2=" ">
<subfield code="c">2026-04-15</subfield>
</datafield>
<datafield tag="100" ind1=" " ind2=" ">
<subfield code="a">Eichelbaum, Sophia Sebastian</subfield>
<subfield code="u">nemtics.com</subfield>
</datafield>
</record>
| All versions | This version | |
|---|---|---|
| Views | 40 | 40 |
| Downloads | 23 | 23 |
| Data volume | 153.6 MB | 153.6 MB |
| Unique views | 37 | 37 |
| Unique downloads | 20 | 20 |